MARC Record
Leader
003
BE-GnUNI
007
't'u
035
a| (MSK)310002145
084
a| I.LACAZE G.2
245
0
0
a| Germaine Lacaze ; Dessins - aquarelles - peintures (Vente Paris, nouveau Drouot, 09.05.1987 et exposition publique 07.05.1988).
260
a| Paris :
b| Claude Robert,
c| 1988.
300
a| 32 :
b| ill.
490
0
a| L' école de la réalité poetique
546
a| Frans
500
a| Veilingcatalogus
600
1
7
a| Lacaze, Germaine.
2| z
852
4
b| MSK
c| MSK
j| I.LACAZE G.2
920
a| boek
001
000002138
005
20241224121600.0